| 000 | 01131cad a22002175a 4500 | ||
|---|---|---|---|
| 001 | L153865 | ||
| 008 | 110914e20110304xxkd f s f000 0 eng d | ||
| 035 | _a(Sirsi) u153865 | ||
| 041 | 0 | _aeng | |
| 110 | 1 |
_aUnited Kingdom _bOffice of National Statistics _92035 |
|
| 245 | 0 | 0 |
_aNew orders in the construction industry _bsecond quarter 2011 _h[electronic resource] |
| 260 |
_a[S.l.] _bONS _c2011 |
||
| 490 |
_aONS Statistical Bulletin _v2 September 2011 |
||
| 520 | _aNew orders in the second quarter of 2011 fell by 16.3 percent in comparison with quarter one, the total volume of all new orders is now at its lowest total since the third quarter of 1980, new construction orders fell by 23.2 percent compared with the same period in 2010, private industrial was the only sector which showed a positive growth from the first to the second quarter (6.6%). | ||
| 590 | _aKA | ||
| 650 | 2 | 4 | _aONS NEW CONSTRUCTION ORDERS |
| 651 | 4 |
_aGreat Britain _y1707- |
|
| 690 | _aBUILT ENVIRONMENT-CONSTRUCTION MARKET | ||
| 856 | 4 | 0 |
_uhttps://www.ons.gov.uk/ons/dcp171778_230785.pdf _zView the item free of charge at www.ons.gov.uk |
| 942 | _n0 | ||
| 999 |
_c112736 _d112736 |
||